000 00648nam a2200169 a 4500
008 071031s2001 ||||||||||||||||| || u
020 _a0821348345
050 _aIBRD(02)
245 0 0 _aInternational political risk management: exploring new frontiers
_cedited by theodore H. Moran
260 _aWashington, D. C.
_bWorld Bank
_c2001
300 _ax, 241p.: ill.
350 _a0.00
650 0 _aRISK MANAGEMENT
650 _aRISK MANAGEMENT--POLITICAL ASPECTS
650 _aPOLITICS
995 _D0.00
_FCBU-MAIN LIBRARY (Kitwe)
_H1
_I0.00
_M1
_UAVAILABLE
_WOct 31, 2007
_ZInternational Publications
999 _c47462
_d47462